Methylmercury

Αποθηκεύτηκε σε:
Λεπτομέρειες βιβλιογραφικής εγγραφής
Συγγραφή απο Οργανισμό/Αρχή: International Programme on Chemical Safety
Μορφή: Βιβλίο
Γλώσσα:English
Δημοσίευση: Geneva : World Health Organization, c1990
Σειρά:Environmental health criteria ; ; 101
Θέματα:
Ετικέτες: Προσθήκη ετικέτας
Δεν υπάρχουν, Καταχωρήστε ετικέτα πρώτοι!

MARC

LEADER 00000nam a2200000 i 4500
001 1/68596
008 931202s1990 eng d
020 |a 92-4-157101-2 
035 |a ΛΕΣΒΟΣb10002097  |l 10002097 
040 |a GR-MY-UA  |b gre  |e aacr 
041 0 |a eng 
082 0 |a 546.633 
110 2 |a International Programme on Chemical Safety. 
245 1 0 |a Methylmercury /  |c International Programme on Chemical Safety 
260 |a Geneva :   |b World Health Organization,   |c c1990 
300 |a 144 p. 
490 1 |a Environmental health criteria  |v ; 101  |x 0250-863X 
500 |a Published under the joint sponsorship of the United Nations Environment Programme, the International Labour Organisation, and the World Health Organization.Includes bibliographical references. 
650 0 0 |a Methylmercury. 
650 0 0 |a Mercury  |x Toxicology. 
650 0 0 |a Environmental health. 
830 0 |a Environmental health criteria ;  |v ; 101  |x 0250-863X 
852 |a INST  |b LESVOS  |e 19931202  |h 546.633 MET  |p 005100005921  |q 005100005921  |t BK  |y 0 
909 |a Λ  |b 027514